[Event "SF Brackel - SC Kreuzberg"]
[Site "Dittrichshuette"]
[Date "2004.12.28"]
[Round "3.4"]
[White "Sennholz, Michael"]
[Black "Huth, Ricardo"]
[Result "1-0"]
[WhiteElo "1572"]
[BlackElo "1399"]
[PlyCount "47"]
[EventDate "2004.??.??"]

1. e4 c5 2. Nf3 e6 3. d4 cxd4 4. Nxd4 a6 5. Nc3 Qc7 6. Be3 Nf6 7. Bd3 Bb4 8.
Bd2 Nc6 9. Nxc6 Qxc6 10. Qe2 b5 11. a3 Bxc3 12. Bxc3 Bb7 13. Bxf6 gxf6 14. Qf3
Ke7 15. O-O-O a5 16. Qe2 Ba6 17. e5 fxe5 18. Qxe5 d5 19. Qg5+ Kd7 20. Qf6 Raf8
21. Rhe1 Qd6 22. Re5 Qe7 23. Rxd5+ Ke8 24. Bxb5+ 1-0

[Event "SV Saarbruecken 1970 - SC Tamm 74"]
[Site "Dittrichshuette"]
[Date "2004.12.28"]
[Round "3.1"]
[White "Lange, Jan-David"]
[Black "Mueller, Reinhold"]
[Result "0-1"]
[WhiteElo "1866"]
[BlackElo "2048"]
[PlyCount "104"]
[EventDate "2004.??.??"]

1. e4 c5 2. Nf3 d6 3. d4 cxd4 4. Nxd4 Nf6 5. Nc3 g6 6. Be3 Bg7 7. f3 O-O 8. Qd2
Nc6 9. O-O-O d5 10. exd5 Nxd5 11. Nxc6 bxc6 12. Bd4 Nxc3 13. Qxc3 Bh6+ 14. Be3
Bxe3+ 15. Qxe3 Qb6 16. Qxe7 Be6 17. Qa3 Rfd8 18. Bd3 Rd5 19. Qa6 Qc7 20. b4
Qf4+ 21. Rd2 Qxb4 22. a3 Qc3 23. Qb7 Qa1+ 24. Qb1 Qxa3+ 25. Qb2 Qd6 26. Qc3 Rb8
27. Rhd1 Qf4 28. h3 Qe3 29. Qxc6 Qd4 30. Re2 Qb2+ 31. Kd2 Rc8 32. Qa6 Rxc2+ 33.
Ke1 Rxe2+ 34. Bxe2 Rxd1+ 35. Kxd1 Qb1+ 36. Kd2 Qb4+ 37. Ke3 Qb6+ 38. Kf4 Qxa6
39. Bxa6 f6 40. h4 Kf7 41. g4 h6 42. Ke4 Ke7 43. Kd4 Kd6 44. Be2 a5 45. Bb5 g5
46. hxg5 hxg5 47. Ke4 Bd7 48. Bd3 a4 49. Bb1 a3 50. f4 Bxg4 51. fxg5 fxg5 52.
Kd3 Bf5+ 0-1

[Event "SV Saarbruecken 1970 - SC Tamm 74"]
[Site "Dittrichshuette"]
[Date "2004.12.28"]
[Round "3.2"]
[White "Backes, Marco"]
[Black "Andraschko, Felix"]
[Result "1-0"]
[WhiteElo "1600"]
[BlackElo "1668"]
[PlyCount "119"]
[EventDate "2004.??.??"]

1. e4 e6 2. d4 d5 3. Nd2 {0} dxe4 4. Nxe4 Nd7 5. Nf3 Ngf6 6. Ned2 c5 7. Nb3 Qc7
8. Bb5 a6 9. Bxd7+ Bxd7 10. dxc5 Ne4 11. Be3 Nxc5 12. Nxc5 Bxc5 13. Bxc5 Qxc5
14. O-O Rd8 15. Qd4 Qxd4 16. Nxd4 O-O 17. Rfe1 Rfe8 18. Rad1 e5 19. Nb3 f6 20.
f4 b6 21. Rd6 e4 22. Kf2 f5 23. Ke3 Bb5 24. Red1 Rxd6 25. Rxd6 Rc8 26. Nd4 Rc5
27. Rxb6 g6 28. Rb8+ Kf7 29. Rb7+ Kg8 30. g3 Bc4 31. b3 Bd5 32. Rb6 Ra5 33. c4
Bf7 34. a4 Be8 35. Nc6 Bxc6 36. Rxc6 Kg7 37. Rc7+ Kf6 38. Rxh7 Rc5 39. Rd7 Rc6
40. Kd4 Re6 41. Kc3 e3 42. Rd1 e2 43. Re1 Re3+ 44. Kb4 Re4 45. Ka5 Re6 46. b4
Ke7 47. c5 Kd7 48. b5 axb5 49. axb5 Kc7 50. h3 Re4 51. g4 Kb7 52. gxf5 gxf5 53.
h4 Rxf4 54. Rxe2 Rxh4 55. c6+ Kc7 56. Re7+ Kd8 57. Rd7+ Kc8 58. b6 Rh1 59. b7+
Kb8 60. Rd8+ 1-0

[Event "SV Saarbruecken 1970 - SC Tamm 74"]
[Site "Dittrichshuette"]
[Date "2004.12.28"]
[Round "3.3"]
[White "Doering, Andreas"]
[Black "Saken-Shaft, Nima"]
[Result "1-0"]
[WhiteElo "1625"]
[BlackElo "1569"]
[PlyCount "23"]
[EventDate "2004.??.??"]

1. e4 e5 2. Nf3 Nc6 3. Bc4 Bc5 4. b4 Bxb4 5. c3 Ba5 6. d4 exd4 7. O-O Nge7 8.
Ng5 Ne5 9. Bb3 d3 10. f4 Bb6+ 11. Kh1 f6 12. fxe5 1-0

[Event "SV Saarbruecken 1970 - SC Tamm 74"]
[Site "Dittrichshuette"]
[Date "2004.12.28"]
[Round "3.4"]
[White "Bastian, Ruben"]
[Black "Jannes, Alexander"]
[Result "0-1"]
[WhiteElo "1507"]
[BlackElo "1513"]
[PlyCount "126"]
[EventDate "2004.??.??"]

1. e4 c6 2. d4 d5 3. exd5 cxd5 4. Bd3 Nf6 5. c3 Nc6 6. Nf3 Bg4 7. h3 Bh5 8. Bf4
e6 9. Nbd2 Rc8 10. O-O Bd6 11. Bxd6 Qxd6 12. Qc2 O-O 13. Rae1 Nb4 14. Qb1 Nxd3
15. Qxd3 Bg6 16. Qb5 a6 17. Qe2 Qb6 18. Nb3 Qb5 19. Qxb5 axb5 20. Ne5 Bf5 21.
Nc5 b6 22. Ncd3 Ne4 23. f3 Ng3 24. Rf2 f6 25. Nb4 fxe5 26. Kh2 exd4 27. cxd4
Rc4 28. a3 Ne4 29. fxe4 Bxe4 30. Rd2 Rfc8 31. Rf1 Rc1 32. Rff2 Rf8 33. Rxf8+
Kxf8 34. Kg3 Ke7 35. Nd3 Bxd3 36. Rxd3 Rc2 37. b4 Kd6 38. Kf3 g5 39. g3 h5 40.
h4 g4+ 41. Kf4 Rf2+ 42. Kg5 Rf3 43. Rd2 Rxa3 44. Kxh5 Rxg3 45. Kg5 e5 46. h5
exd4 47. Rxd4 Ke5 48. Rxg4 Rc3 49. h6 d4 50. h7 Rc8 51. Kg6 d3 52. Rh4 d2 53.
Rh1 Ke4 54. Kg7 Ke3 55. h8=Q Rxh8 56. Kxh8 Ke2 57. Rh2+ Kd3 58. Rh1 Kc2 59. Rh5
d1=Q 60. Rxb5 Qd3 61. Rg5 Qd8+ 62. Rg8 Qf6+ 63. Kh7 Qe7+ 0-1

[Event "Johanneum Eppendorf - SG Porz"]
[Site "Dittrichshuette"]
[Date "2004.12.28"]
[Round "3.1"]
[White "Schehl, Michael"]
[Black "Huschenbeth, Niclas"]
[Result "0-1"]
[WhiteElo "1401"]
[BlackElo "1966"]
[PlyCount "68"]
[EventDate "2004.??.??"]

1. e4 c5 2. Nf3 d6 3. d4 cxd4 4. Nxd4 Nf6 5. Nc3 Nc6 6. Be3 Ng4 7. Nxc6 bxc6 8.
Bd2 Qb6 9. Qf3 Ne5 10. Qe3 e6 11. Qxb6 axb6 12. f4 Nd7 13. g3 b5 14. Bg2 f6 15.
O-O b4 16. Ne2 c5 17. Rfe1 Ba6 18. Bf3 Be7 19. b3 Kf7 20. c4 Bb7 21. Bg2 Ra7
22. Rec1 Rha8 23. Rc2 Ra3 24. Rb2 f5 25. e5 Bxg2 26. Kxg2 dxe5 27. fxe5 Nxe5
28. Nc1 Bf6 29. Rab1 Nc6 30. Nd3 Bxb2 31. Rxb2 Rxa2 32. Be3 Rxb2+ 33. Nxb2 Ra2
34. Bc1 Nd4 0-1

[Event "Johanneum Eppendorf - SG Porz"]
[Site "Dittrichshuette"]
[Date "2004.12.28"]
[Round "3.2"]
[White "Moshtael, Wesal"]
[Black "Dandoerfer, Artur"]
[Result "1-0"]
[WhiteElo "1902"]
[BlackElo "1408"]
[PlyCount "109"]
[EventDate "2004.??.??"]

1. e4 e5 2. Nf3 Nf6 3. Nc3 Nc6 4. d4 exd4 5. Nxd4 Bb4 6. Nxc6 bxc6 7. Bd3 d5 8.
exd5 cxd5 9. O-O O-O 10. Bg5 Be6 11. Ne2 Re8 12. c3 Bd6 $11 13. h3 h6 14. Be3
c6 15. Nd4 Qc7 16. Rc1 c5 17. Nb5 Qc6 18. Nxd6 Qxd6 19. Qd2 c4 20. Bxc4 Ne4 21.
Qd4 dxc4 22. Qxe4 Bxh3 23. Qxc4 Qg6 24. Qd5 Rad8 $11 25. Qf3 Bg4 26. Qg3 a6 27.
c4 Rd7 28. c5 Bf5 29. Qxg6 Bxg6 30. Rc3 Rd3 31. Rfc1 Rxc3 32. Rxc3 Rc8 33. c6
f6 34. c7 Kf7 35. Bf4 Ke7 36. Kf1 Bf7 37. b3 g5 38. Bh2 f5 39. Be5 g4 40. Rc6
Be6 41. Rxa6 h5 42. Ke2 h4 43. Rb6 h3 44. gxh3 gxh3 45. a4 Kd7 46. Rd6+ Ke7 47.
Rd3 Bd7 48. Rxh3 Ke6 49. f4 Rg8 50. Kd3 Rg1 51. Kc3 Rc1+ 52. Kb4 Rc2 53. Ka3
Rc1 54. a5 Ra1+ 55. Bxa1 1-0

[Event "Johanneum Eppendorf - SG Porz"]
[Site "Dittrichshuette"]
[Date "2004.12.28"]
[Round "3.3"]
[White "Senay, Baris"]
[Black "Schmidt, Armin"]
[Result "1/2-1/2"]
[WhiteElo "1278"]
[BlackElo "1791"]
[PlyCount "73"]
[EventDate "2004.??.??"]

1. e4 c6 2. d4 d5 3. Nc3 dxe4 4. Nxe4 Nd7 5. Bc4 e6 6. Nf3 Ngf6 7. Ng3 c5 8. c3
cxd4 9. Nxd4 a6 10. O-O Nb6 11. Bd3 Bd6 12. Be3 O-O 13. Qc2 Nbd5 14. Bd2 Nf4
15. Bxf4 Bxf4 16. Ne4 Nxe4 17. Bxe4 h6 18. Rad1 Qc7 19. h3 Rb8 20. Rfe1 b5 21.
Ne2 Be5 22. Nd4 Bd7 23. Qd3 Rfd8 24. Qf3 Rdc8 25. Qe2 Bf6 26. Nf3 Be8 27. Rc1
Rb6 28. Red1 b4 29. c4 b3 30. c5 Rb4 31. a3 Rb5 32. c6 Rb6 33. Rd3 a5 34. Nd4
g6 35. Rdd1 Rcb8 36. a4 Bxd4 37. Rxd4 1/2-1/2

[Event "Johanneum Eppendorf - SG Porz"]
[Site "Dittrichshuette"]
[Date "2004.12.28"]
[Round "3.4"]
[White "Wenzel, Birger"]
[Black "Liwerant, Igor"]
[Result "1/2-1/2"]
[WhiteElo "1660"]
[BlackElo "1332"]
[PlyCount "86"]
[EventDate "2004.??.??"]

1. Nf3 Nc6 2. d4 d5 3. c4 e6 4. g3 Nf6 5. Bg2 Bd6 6. O-O dxc4 7. Nc3 Nd7 8. e4
e5 9. Re1 O-O 10. Be3 Nb6 11. dxe5 Nxe5 12. Nxe5 Bxe5 13. f4 Bxc3 14. bxc3 Qxd1
15. Rexd1 Bg4 16. Rd2 Rad8 17. Rb2 Rd3 18. Bd4 Rd1+ 19. Rxd1 Bxd1 20. e5 Rb8
21. Rd2 Bg4 22. Bxb6 cxb6 23. Bxb7 g6 24. Be4 Be6 25. Kg2 a5 26. Kf3 h5 27. Bd5
Rd8 28. Ke4 Kg7 29. Rd4 Bf5+ 30. Ke3 b5 31. Be4 Rxd4 32. Kxd4 Bxe4 33. Kxe4 b4
34. cxb4 axb4 35. Kd4 c3 36. Kd3 h4 37. a4 bxa3 38. Kxc3 hxg3 39. hxg3 Kh6 40.
g4 Kg7 41. Kb3 f6 42. exf6+ Kxf6 43. Kxa3 Ke6 1/2-1/2

[Event "SC 1975 Paimar - Heilbronner SV"]
[Site "Dittrichshuette"]
[Date "2004.12.28"]
[Round "3.1"]
[White "Geschnizjani, Ramin Tobias"]
[Black "Segeritz, Philipp"]
[Result "0-1"]
[WhiteElo "1806"]
[BlackElo "1572"]
[PlyCount "81"]
[EventDate "2004.??.??"]

1. e4 e5 2. Nc3 Nc6 3. f4 exf4 4. Nf3 Bc5 5. d4 Bb6 6. Bxf4 d6 7. Bb5 Bd7 8.
O-O Nge7 9. Kh1 O-O 10. a3 Bg4 11. Qe1 Bxf3 12. Rxf3 Nxd4 13. Rh3 Ng6 14. Qd2
Nxf4 15. Qxf4 Nxc2 16. Rf1 Nd4 17. Bd3 Ne6 18. Qf5 g6 19. Rg3 Nc5 20. Bc4 Kh8
21. Qh3 c6 22. Qh6 Qe7 23. Rf4 d5 24. Bxd5 Rad8 25. Rh4 f6 26. Rgh3 Rd7 27.
Qxg6 cxd5 28. Nxd5 Qg7 29. Rxh7+ Qxh7 30. Rxh7+ Rxh7 31. Nxf6 Rxf6 32. Qxf6+
Rg7 33. h4 Kg8 34. h5 Bc7 35. e5 Ne4 36. Qe6+ Kh8 37. Qc8+ Kh7 38. Qf5+ Kh6 39.
Qxe4 Kxh5 40. Kh2 Rg4 41. Qh7+ 0-1

[Event "SC 1975 Paimar - Heilbronner SV"]
[Site "Dittrichshuette"]
[Date "2004.12.28"]
[Round "3.2"]
[White "Schloetterlein, Sandro"]
[Black "Luo, Xinping"]
[Result "1-0"]
[WhiteElo "1408"]
[BlackElo "1696"]
[PlyCount "43"]
[EventDate "2004.??.??"]

1. e4 c5 2. Nf3 d6 3. d4 cxd4 4. Nxd4 Nf6 5. Nc3 g6 6. b3 Bg7 7. Bb2 O-O 8. f4
Nc6 9. Nxc6 bxc6 10. Qd3 e6 11. O-O-O d5 12. e5 Nd7 13. h4 Re8 14. g4 Nb6 15.
h5 c5 16. hxg6 hxg6 17. Nb5 Ba6 18. Qh3 Bxb5 19. Bxb5 Re7 20. Rh2 Rc7 21. Rdh1
a5 22. Qh8+ 1-0

[Event "SC 1975 Paimar - Heilbronner SV"]
[Site "Dittrichshuette"]
[Date "2004.12.28"]
[Round "3.3"]
[White "Haeusinger, Benjamin"]
[Black "Hehn, Nicolas"]
[Result "1/2-1/2"]
[WhiteElo "1386"]
[BlackElo "1539"]
[PlyCount "109"]
[EventDate "2004.??.??"]

1. d4 d6 2. c4 g6 3. Nf3 Bg7 4. Nc3 Nf6 5. Bg5 O-O 6. e3 Nbd7 7. Bd3 c6 8. O-O
Qc7 9. e4 Re8 10. Re1 e5 11. d5 Nb6 12. Rc1 c5 13. Nd2 Nh5 14. Be2 Nf4 15. h3
f5 16. b3 a6 17. Kh2 h6 18. exf5 hxg5 19. fxg6 Bf5 20. Bh5 Bxg6 21. Bxg6 Nxg6
22. Qh5 Qf7 23. Nde4 Nh8 24. Qxg5 Qf4+ 25. Qxf4 exf4 26. Re2 Be5 27. g3 Ng6 28.
Rce1 Re7 29. Kh1 Rae8 30. h4 Bd4 31. h5 f3 32. Rc2 Bxc3 33. Rxc3 Rxe4 34. Rxe4
Rxe4 35. hxg6 Kg7 36. Rxf3 Kxg6 37. a3 Nd7 38. Kg2 b5 39. cxb5 axb5 40. Rd3 Rd4
41. Rxd4 cxd4 42. Kf3 Ne5+ 43. Ke2 Kf5 44. a4 bxa4 45. bxa4 Ke4 46. a5 d3+ 47.
Kd1 Kxd5 48. Kd2 Nc4+ 49. Kxd3 Nxa5 50. f4 Nc6 51. g4 Ke6 52. Ke4 Ne7 53. f5+
Kd7 54. g5 Kc6 55. f6 1/2-1/2

[Event "SC 1975 Paimar - Heilbronner SV"]
[Site "Dittrichshuette"]
[Date "2004.12.28"]
[Round "3.4"]
[White "Frey, Simone"]
[Black "Durmisi, Valon"]
[Result "0-1"]
[WhiteElo "1031"]
[BlackElo "1122"]
[PlyCount "114"]
[EventDate "2004.??.??"]

1. e4 e5 2. Nf3 Nc6 3. d4 exd4 4. Nxd4 Bc5 5. Nxc6 bxc6 6. Qf3 Qf6 7. Qxf6 Nxf6
8. f3 O-O 9. Nc3 Re8 10. Bd3 Bb7 11. Bd2 Nd5 12. O-O-O Nxc3 13. Bxc3 d5 14.
Rhe1 d4 15. Ba5 Bb6 16. Bd2 a5 17. a3 Bc5 18. Bf4 Bd6 19. e5 Bc5 20. Re2 Ba6
21. Bxa6 Rxa6 22. Rde1 Re6 23. h4 Be7 24. g3 c5 25. h5 h6 26. Bd2 g6 27. g4 Bh4
28. Rg1 c4 29. c3 d3 30. Re4 Rac6 31. f4 g5 32. f5 Re8 33. Rf1 Bg3 34. e6 fxe6
35. f6 Kf7 36. Rd4 Bd6 37. Rf3 a4 38. Re3 e5 39. Rd5 Rc5 40. Rxc5 Bxc5 41. Re4
Bb6 42. Rxc4 e4 43. Kd1 Bf2 44. Rxc7+ Kxf6 45. Rc6+ Kg7 46. Rg6+ Kh7 47. Be1 e3
48. Bxf2 exf2 49. Rf6 Re1+ 50. Kd2 f1=Q 51. Rxf1 Rxf1 52. Kxd3 Rf4 53. c4 Kg7
54. Kc3 Rxg4 55. b3 Rg3+ 56. Kb2 Rxb3+ 57. Ka2 g4 0-1

[Event "SV GA Ruedersdorf - SC Baden-Oos"]
[Site "Dittrichshuette"]
[Date "2004.12.29"]
[Round "4.1"]
[White "Beck, Frederik"]
[Black "Fruebing, Stefan"]
[Result "1-0"]
[WhiteElo "2116"]
[BlackElo "2127"]
[PlyCount "106"]
[EventDate "2004.??.??"]

1. e4 c5 2. Nf3 d6 3. d4 cxd4 4. Nxd4 Nf6 5. Nc3 g6 6. g3 Bg7 7. Bg2 O-O 8. O-O
a6 9. a4 Qc7 10. Nde2 Be6 11. Nd5 Bxd5 12. exd5 Nbd7 13. c3 Rac8 14. Re1 Rfe8
15. Bg5 h6 16. Be3 Ne5 17. h3 Nc4 18. Bc1 Nb6 19. Be3 Nc4 20. Bc1 Nb6 21. b3
Kh7 22. a5 Nbd7 23. Be3 Nc5 24. c4 Ncd7 25. Nd4 Nf8 26. Qd2 N6d7 27. Rab1 Nf6
28. b4 Qd7 29. Rec1 e5 30. dxe6 fxe6 31. Ne2 d5 32. cxd5 exd5 33. Rd1 Qf5 34.
Qd3 Qe5 35. b5 Ne6 36. bxa6 bxa6 37. Qxa6 Ra8 38. Qb5 Nc7 39. Qa4 Ra6 40. Rb6
Rea8 41. Rxa6 Rxa6 42. Nf4 Ne4 43. Bd4 Qe8 44. Qxe8 Nxe8 45. Nxd5 Bxd4 46. Bxe4
Bg7 47. Nf4 Rxa5 48. Bxg6+ Kg8 49. Bxe8 Ra1 50. Rxa1 Bxa1 51. Kg2 Kg7 52. Kf3
Kf8 53. Bb5 Kg7 1-0

[Event "SV GA Ruedersdorf - SC Baden-Oos"]
[Site "Dittrichshuette"]
[Date "2004.12.29"]
[Round "4.2"]
[White "Becker, Nils"]
[Black "Stiefel, Michael"]
[Result "1/2-1/2"]
[WhiteElo "2030"]
[BlackElo "1945"]
[PlyCount "99"]
[EventDate "2004.??.??"]

1. e4 c5 2. Nf3 e6 3. d4 cxd4 4. Nxd4 a6 5. Bd3 Nf6 6. O-O d6 7. Nc3 Nbd7 8.
Kh1 Be7 9. f4 Qc7 10. Qf3 O-O 11. Be3 b5 12. e5 dxe5 13. fxe5 Nxe5 14. Qg3 Nh5
15. Qh3 Nxd3 16. cxd3 Nf6 17. Ne4 Nxe4 18. dxe4 Bb7 19. Rac1 Qe5 20. Nf3 Qxe4
21. Rfe1 Qf5 22. Qg3 Bxf3 23. gxf3 Rac8 24. Bh6 Qg6 25. Be3 Qxg3 26. hxg3 Bf6
27. b3 h6 28. Kg2 Kh7 29. Kf2 Rfd8 30. Ke2 Kg6 31. g4 Bb2 32. Rxc8 Rxc8 33. Kd3
Ba3 34. Rh1 e5 35. Bd2 f6 36. Rb1 Kf7 37. b4 Rc4 38. Ke2 Ke6 39. Kd1 a5 40.
bxa5 b4 41. a6 Rc6 42. a7 Ra6 43. Be3 Kd5 44. Ke2 Kc6 45. Rd1 Kc7 46. Rd5 Bb2
47. Rc5+ Kd7 48. Rd5+ Kc7 49. Rc5+ Kd7 50. Rd5+ 1/2-1/2

[Event "SV GA Ruedersdorf - SC Baden-Oos"]
[Site "Dittrichshuette"]
[Date "2004.12.29"]
[Round "4.3"]
[White "Mrinski, Evgenij"]
[Black "Beisser, Jacob"]
[Result "1/2-1/2"]
[WhiteElo "1792"]
[BlackElo "1865"]
[PlyCount "62"]
[EventDate "2004.??.??"]

1. e4 c5 2. d3 Nc6 3. Nf3 g6 4. g3 Bg7 5. Bg2 d6 6. O-O e6 7. Re1 Nge7 8. c3
O-O 9. Be3 b6 10. Qd2 Ba6 11. Bh6 Qd7 12. Bxg7 Kxg7 13. d4 d5 14. exd5 exd5 15.
Ne5 Nxe5 16. Rxe5 Rad8 17. Na3 f6 18. Re3 Rf7 19. Rae1 Ng8 20. Re6 Re7 21. Bxd5
Qxd5 22. Rxe7+ Nxe7 23. Rxe7+ Kf8 24. Rxh7 g5 25. Qe3 Rd7 26. Rh8+ Kg7 27. Qe8
Qf7 28. Rg8+ Kh7 29. Qxf7+ Rxf7 30. Re8 cxd4 31. cxd4 Kg6 {
Rest nicht nachvollziehbar} 1/2-1/2

[Event "SV GA Ruedersdorf - SC Baden-Oos"]
[Site "Dittrichshuette"]
[Date "2004.12.29"]
[Round "4.4"]
[White "Wapenhans, Alexander"]
[Black "Goergen, Barbara"]
[Result "1-0"]
[WhiteElo "1734"]
[BlackElo "1740"]
[PlyCount "83"]
[EventDate "2004.??.??"]

1. Nf3 Nf6 2. g3 g6 3. Bg2 Bg7 4. O-O O-O 5. d4 e6 6. c4 d5 7. Nc3 b6 8. cxd5
exd5 9. b3 Bb7 10. Ba3 Re8 11. Rc1 c6 12. b4 Nbd7 13. Ne1 Rc8 14. b5 c5 15.
dxc5 Nxc5 16. Nd3 Nfe4 17. Nxe4 Nxe4 18. Bxe4 dxe4 19. Nb4 Qxd1 20. Rfxd1 Bf8
21. Rxc8 Rxc8 22. Rd7 Rc4 23. Rxb7 Bxb4 24. Bb2 Bc3 25. Bxc3 Rxc3 26. Rxa7 Rc1+
27. Kg2 Rb1 28. a4 Rb4 29. f3 exf3+ 30. Kxf3 Kg7 31. Ra6 h5 32. e4 Kg8 33. Kf4
f5 34. Kg5 fxe4 35. Kxg6 Kf8 36. Kxh5 e3 37. Rxb6 Re4 38. Rf6+ Kg7 39. Rf1 Rxa4
40. Re1 Ra5 41. Rxe3 Rxb5+ 42. Kh4 1-0

[Event "SG Duisburg Nord - FSV Grossenseebach"]
[Site "Dittrichshuette"]
[Date "2004.12.29"]
[Round "4.1"]
[White "Kirch, Daniel"]
[Black "Tereick, Benjamin"]
[Result "0-1"]
[WhiteElo "1816"]
[BlackElo "2084"]
[PlyCount "90"]
[EventDate "2004.??.??"]

1. d4 e6 2. e4 d5 3. exd5 exd5 4. Bd3 c5 5. dxc5 Bxc5 6. Nf3 Nf6 7. O-O O-O 8.
Nc3 h6 9. Bf4 Nc6 10. Qd2 Re8 11. Rae1 Be6 12. h3 Rc8 13. a3 a6 14. Ne5 Nd4 15.
Ne2 Ne4 16. Bxe4 dxe4 17. Nxd4 Qxd4 18. Qxd4 Bxd4 19. c3 Bxe5 20. Bxe5 Bc4 21.
Bd4 Bxf1 22. Kxf1 f6 23. h4 Kf7 24. a4 g6 25. a5 g5 26. hxg5 hxg5 27. g3 Rcd8
28. b4 Kg6 29. Ke2 Rh8 30. Ke3 Rh3 31. Rg1 f5 32. Ke2 Rd7 33. Rc1 Rdh7 34. Be3
Rh1 35. Rc2 Rd7 36. Bd4 f4 37. gxf4 gxf4 38. Rb2 Kf5 39. Rc2 f3+ 40. Kd2 Rf1
41. Ke3 Re1+ 42. Kd2 Re2+ 43. Kc1 Rxc2+ 44. Kxc2 Rxd4 45. cxd4 e3 0-1

[Event "SG Duisburg Nord - FSV Grossenseebach"]
[Site "Dittrichshuette"]
[Date "2004.12.29"]
[Round "4.2"]
[White "Liedmann, Dennis"]
[Black "Seyb, Alexander"]
[Result "1-0"]
[WhiteElo "1845"]
[BlackElo "2018"]
[PlyCount "55"]
[EventDate "2004.??.??"]

1. d4 g6 2. Nf3 Bg7 3. Bf4 d6 4. e3 Nf6 5. h3 O-O 6. Be2 c5 7. c3 Nc6 8. O-O
cxd4 9. exd4 Bf5 10. Nbd2 h6 11. Nc4 Nd5 12. Bh2 b5 13. Ne3 Nxe3 14. fxe3 Qb6
15. Kh1 Rac8 16. Nh4 Bd7 17. Qd3 Na5 18. b3 Nb7 19. Rac1 a5 20. Bd1 a4 21. Bc2
Na5 22. Nxg6 fxg6 23. Qxg6 Rf6 24. Rxf6 exf6 25. Bf4 Qb7 26. Bxh6 Bxh3 27. Qh7+
Kf8 28. Qh8+ 1-0

[Event "SG Duisburg Nord - FSV Grossenseebach"]
[Site "Dittrichshuette"]
[Date "2004.12.29"]
[Round "4.3"]
[White "Borel, Markus"]
[Black "Schinske, Eric"]
[Result "1-0"]
[WhiteElo "1862"]
[BlackElo "1694"]
[PlyCount "137"]
[EventDate "2004.??.??"]

1. e4 d6 2. d4 Nf6 3. Nc3 e5 4. Nf3 Nbd7 5. Bc4 Be7 6. O-O O-O 7. Qe2 c6 8. a4
Qc7 9. a5 h6 10. Rd1 Re8 11. d5 Nf8 12. h3 Ng6 13. Bb3 Bd7 14. Be3 Rf8 15. Qc4
Qc8 16. Qf1 Nh5 17. a6 c5 18. axb7 Qxb7 19. Qa6 Rfb8 20. Nd2 Qc7 21. Nc4 Nhf4
22. Qa5 Qc8 23. Qa6 Qc7 24. Na5 Rb6 25. Qf1 Qc8 26. Kh2 Nh4 27. Bxf4 exf4 28.
Nc4 Rb4 29. f3 Ng6 30. Ba4 Bxa4 31. Rxa4 Rxa4 32. Nxa4 Qd7 33. Nc3 Bf6 34. Ne2
Rb8 35. b3 Be7 36. Nc1 Qb5 37. Nd3 a5 38. Ra1 Ra8 39. Ra4 Ra6 40. Qe1 Bh4 41.
Qd2 Bg3+ 42. Kg1 Qd7 43. Qe2 f6 44. Ndb2 Qb5 45. Qd2 Ne5 46. Nxe5 fxe5 47. Nc4
Bh4 48. Rxa5 Rxa5 49. Qxa5 Qxa5 50. Nxa5 Kf7 51. Kf1 Ke7 52. Ke2 Kd7 $11 53.
Kd3 Be1 54. Nc6 Bf2 55. Kc4 Be3 56. c3 Bf2 57. b4 cxb4 58. cxb4 Be3 59. Kb5 Kc7
60. Ka6 Bf2 61. b5 Bc5 62. Ne7 g5 63. Nf5 h5 64. Ng7 h4 65. Ne6+ Kb8 66. b6 Bd4
67. Nxg5 Be3 68. Nf7 Bc5 69. Nd8 1-0

[Event "SG Duisburg Nord - FSV Grossenseebach"]
[Site "Dittrichshuette"]
[Date "2004.12.29"]
[Round "4.4"]
[White "Palenta, Adam"]
[Black "Linsenmeyer, Mario"]
[Result "1/2-1/2"]
[WhiteElo "1608"]
[BlackElo "1691"]
[PlyCount "93"]
[EventDate "2004.??.??"]

1. d4 g6 2. Nf3 Bg7 3. e3 d6 4. Bd3 Nf6 5. Nbd2 O-O 6. O-O Nc6 7. c3 e5 8. b3
Bg4 9. dxe5 dxe5 10. Be2 e4 11. Nd4 Bxe2 12. Qxe2 Ne5 13. Ba3 Re8 14. Rfd1 Bf8
15. Bxf8 Kxf8 16. Nc4 Qe7 17. Nxe5 Qxe5 18. Qb5 Qxb5 19. Nxb5 Rec8 20. Rd2 a6
21. Nd4 c5 22. Ne2 Rd8 23. Rad1 Ke7 24. Kf1 Ng4 25. h3 Ne5 26. Rxd8 Rxd8 27.
Rxd8 Kxd8 28. c4 f5 29. Nc3 Kd7 30. Ke2 Kc6 31. a4 Nd3 32. Na2 b5 33. axb5+
axb5 34. cxb5+ Kxb5 35. f3 exf3+ 36. gxf3 Ne5 37. f4 Nd7 38. Kd3 Nf6 39. Nc3+
Kb4 40. Kc2 c4 41. bxc4 Kxc4 42. Kd2 Nh5 43. Ne2 Nf6 44. Nc3 Ne4+ 45. Nxe4 fxe4
46. Kc2 Kb4 47. Kb2 1/2-1/2

[Event "SC Leipzig-Gohlis - Blau-Weiss Stadtilm"]
[Site "Dittrichshuette"]
[Date "2004.12.29"]
[Round "4.1"]
[White "Siebarth, Raiko"]
[Black "Natsidis, Christoph"]
[Result "1/2-1/2"]
[WhiteElo "2100"]
[BlackElo "1995"]
[PlyCount "80"]
[EventDate "2004.??.??"]

1. Nc3 d5 2. e4 e6 3. f4 c5 4. Nf3 Nc6 5. d3 g6 6. e5 a6 7. g3 Bg7 8. Bg2 f5 9.
O-O Nge7 10. Ne2 Rb8 11. c3 b5 12. Be3 c4 13. Bc5 Bd7 14. dxc4 bxc4 15. b3 Na5
16. Ned4 Rc8 17. b4 Nac6 $11 18. a4 Nxd4 19. Qxd4 O-O 20. Rfd1 Nc6 21. Qf2 Re8
22. b5 Nb8 23. Bb6 Qe7 24. Nd4 Bf8 25. Ba7 Qf7 26. Rdb1 Rc7 27. Nc2 Rec8 28.
Be3 Rb7 29. Nd4 Qe8 30. b6 a5 31. Nb5 Bc6 32. Na7 Na6 33. Nxc8 Qxc8 34. Rb5
Bxb5 35. axb5 Nc5 36. Rxa5 Rxb6 37. Kh1 Qc7 38. h4 Rb7 39. Qa2 Be7 40. Kh2 Kg7
$11 1/2-1/2

[Event "SC Leipzig-Gohlis - Blau-Weiss Stadtilm"]
[Site "Dittrichshuette"]
[Date "2004.12.29"]
[Round "4.2"]
[White "Dueck, Stefan"]
[Black "Schneider, Christian"]
[Result "1-0"]
[WhiteElo "1885"]
[BlackElo "1833"]
[PlyCount "49"]
[EventDate "2004.??.??"]

1. Nf3 d5 2. g3 c5 3. d3 Nc6 4. Bg2 g6 5. O-O Bg7 6. c3 Nf6 7. Bg5 O-O 8. Nbd2
h6 9. Bxf6 Bxf6 10. e4 e6 11. Re1 Re8 12. e5 Bg7 13. Nb3 Qc7 14. d4 c4 15. Nbd2
b5 16. h4 b4 17. h5 g5 18. Nh2 Qe7 19. Nxc4 Rb8 20. Nd6 Rf8 21. c4 Bd7 22. cxd5
Nxd4 23. dxe6 Nxe6 24. Nf5 Qe8 25. Ng4 1-0

[Event "SC Leipzig-Gohlis - Blau-Weiss Stadtilm"]
[Site "Dittrichshuette"]
[Date "2004.12.29"]
[Round "4.3"]
[White "Berner, Stephan"]
[Black "Ohme, Melanie"]
[Result "0-1"]
[WhiteElo "1669"]
[BlackElo "1956"]
[PlyCount "52"]
[EventDate "2004.??.??"]

1. e4 c5 2. Nc3 Nc6 3. f4 e6 4. Nf3 Nge7 5. d3 d6 6. g3 g6 7. Bg2 Bg7 8. O-O
O-O 9. Ne2 Rb8 10. c3 b6 11. Be3 Bb7 12. h3 Qd7 13. Qd2 f5 14. Rfd1 e5 15. Nh2
d5 16. g4 d4 17. Bf2 exf4 18. exf5 gxf5 19. g5 Nd5 20. Bxd5+ Qxd5 21. c4 Qd8
22. Qxf4 Be5 23. Qh4 Ne7 24. Ng3 Ng6 25. Qh5 Qd6 26. Nhf1 Qc6 0-1

[Event "SC Leipzig-Gohlis - Blau-Weiss Stadtilm"]
[Site "Dittrichshuette"]
[Date "2004.12.29"]
[Round "4.4"]
[White "Haense, Felix"]
[Black "Hoffmann, Lena"]
[Result "1-0"]
[WhiteElo "1688"]
[BlackElo "1664"]
[PlyCount "75"]
[EventDate "2004.??.??"]

1. Nf3 d5 2. g3 Nf6 3. Bg2 g6 4. O-O Bg7 5. d3 O-O 6. Nc3 Nc6 7. e4 d4 8. Ne2
e5 9. Ne1 Ne8 10. f4 f5 11. Nf3 fxe4 12. dxe4 Bg4 13. h3 Bxf3 14. Bxf3 Ne7 15.
Qd3 Kh8 16. g4 c5 17. f5 Nd6 18. c4 Nc6 19. Bd2 gxf5 20. gxf5 Qh4 21. Kh2 Nf7
22. Rg1 Rg8 23. Rg4 Qe7 24. Rag1 Bf6 25. a3 Bg5 26. R1g2 $11 Bxd2 27. Qxd2 Ng5
$4 28. Rxg5 Rxg5 29. Qxg5 Qxg5 30. Rxg5 Na5 31. Nc1 Nxc4 32. Nd3 Re8 33. f6 b6
34. Kg2 Rg8 35. Rxg8+ Kxg8 36. Bh5 b5 37. f7+ Kf8 38. Nxc5 1-0